000 00362nam a2200145Ia 4500
008 230711s9999||||xx |||||||||||||| ||und||
041 _aENG
082 _a621
_bBO-M
100 _aBotkar,K.R
245 0 _aMicro electronics and digital analog
250 _a1st
260 _c1991
_aNew Delhi
_bKhanna Publishers
650 _aElectronics Engineering
942 _cBK
999 _c1282
_d1282